书目信息 |
| 题名: |
激光光谱技术原理及应用
|
|
| 作者: | 陆同兴 , 路轶群 著 | |
| 分册: | ||
| 出版信息: | 合肥 中国科学技术大学出版社 2006 |
|
| 页数: | 346页 | |
| 开本: | 23cm | |
| 丛书名: | ||
| 单 册: | ||
| 中图分类: | O433.5 | |
| 科图分类: | ||
| 主题词: | 激光光谱学--高等学校--教材 , 激光光谱学 | |
| 电子资源: | ||
| ISBN: | 7-312-01149-7 | |
| 000 | 00955nam0 2200265 450 | |
| 001 | 012007256640 | |
| 005 | 20070531170822.17 | |
| 010 | @a7-312-01149-7@dCNY32.00 | |
| 100 | @a20070427d2006 km y0chiy0120 ea | |
| 101 | 0 | @achi |
| 102 | @aCN@b340000 | |
| 105 | @ay z 000yy | |
| 106 | @ar | |
| 200 | 1 | @a激光光谱技术原理及应用@Aji guang guang pu ji shu yuan li ji ying yong@f陆同兴,路轶群[著]@Flu tong xing,lu yi qun[zhu] |
| 205 | @a2版 | |
| 210 | @a合肥@c中国科学技术大学出版社@d2006 | |
| 215 | @a346页@d23cm | |
| 330 | @a本书论述了激光光谱学基础知识和光谱仪与弱信号检测仪技术,光谱技术中的激光光源,激光吸收光谱、发射光谱、无多普勒展宽光谱,激光拉曼光谱,光电离光谱等技术应用和方法,激光光谱技术的最新应用等内容。 | |
| 606 | 0 | @a激光光谱学@x高等学校@j教材 |
| 606 | 0 | @a激光光谱学 |
| 690 | @aO433.5@v4 | |
| 701 | 0 | @a陆同兴@Alu tong xing@4著 |
| 701 | 0 | @a路轶群@Alu yi qun@4著 |
| 801 | 0 | @aCN@bRULIN@c20070531 |
| 905 | @dO433.5@e107=2@s8 | |
| 激光光谱技术原理及应用/陆同兴,路轶群[著].-2版.-合肥:中国科学技术大学出版社,2006 |
| 346页;23cm |
| ISBN 7-312-01149-7:CNY32.00 |
| 本书论述了激光光谱学基础知识和光谱仪与弱信号检测仪技术,光谱技术中的激光光源,激光吸收光谱、发射光谱、无多普勒展宽光谱,激光拉曼光谱,光电离光谱等技术应用和方法,激光光谱技术的最新应用等内容。 |
| ● |
| 相关链接 |
|
|
|
|
正题名:激光光谱技术原理及应用
索取号:O433.5/107=2
 
预约/预借
| 序号 | 登录号 | 条形码 | 馆藏地/架位号 | 状态 | 备注 |
| 1 | 0571220 | 205712200 | 第二样本阅览室/ [索取号:O433.5/107=2] | 在馆 | |
| 2 | 0571221 | 205712219 | 第三借阅区/ [索取号:O433.5/107=2] | 在馆 | |
| 3 | 0571222 | 205712228 | 第三借阅区/ [索取号:O433.5/107=2] | 在馆 | |
| 4 | 0571223 | 205712237 | 第三借阅区/ [索取号:O433.5/107=2] | 在馆 | |
| 5 | 0571224 | 205712246 | 第三借阅区/ [索取号:O433.5/107=2] | 在馆 | |
| 6 | 0571225 | 205712255 | 第三借阅区/ [索取号:O433.5/107=2] | 在馆 | |
| 7 | 0571226 | 205712264 | 第三借阅区/ [索取号:O433.5/107=2] | 在馆 | |
| 8 | 0571227 | 205712273 | 第三借阅区/ [索取号:O433.5/107=2] | 在馆 |